00684nam a2200181 i 4500001000400000100002300004245008100027260004600108300002800154650008400182700003300266700003300299020001500332040000800347041000800355008004100363856009800404bgj1 aHOLDERNESS, Jackie10aCool! :bcourse book /cJackie Holderness, Wendy Superfine, Stella Maidment. aOxford :bOxford University Press,c1998. a95 pp :bill. ;c30 cm. 9aEnglish languagexStudy and teaching |(Primary)xTextbooks for foreign speakers1 aSUPERFINE, Wendy.eco-author1 aMAIDMENT, Stella.eco-author a0194320340 cBPK0 aeng s uk f |000 0 eng  uhttp://koha.tu.koszalin.pl/cgi-bin/koha/opac-detail.pl?biblionumber=48596yKatalog online BPK